Análisis del comportamiento para estructuras tipo marco diseñadas para ductilidad 4 y ductilidad 6

Bewaard in:
Bibliografische gegevens
Hoofdauteur: Sánchez Portuguez, Daniel
Formaat: Boek
Gepubliceerd in: San Pedro de Montes de Oca, [C.R.] 2003
Onderwerpen:
Tags: Voeg label toe
Geen labels, Wees de eerste die dit record labelt!

MARC

LEADER 00000nam a2200000Ia 4500
003 009264
005 20221231144142.0
008 140114s2003 cr a m 000 ||s d
040 |c cru CEDI 
090 |a TFG 4804 
100 |a Sánchez Portuguez, Daniel  |9 6664 
245 |a Análisis del comportamiento para estructuras tipo marco diseñadas para ductilidad 4 y ductilidad 6  
260 |c 2003  |a  San Pedro de Montes de Oca, [C.R.] 
300 |a  74, [29] hojas : ilustraciones, planos (algunos plegables,).  
500 |a Proyecto de graduación (licenciatura en ingeniería civil)--Universidad de Costa Rica, Facultad de Ingeniería, Escuela de Ingeneiría Civil 
650 |x CONSTRUCCIONES DE HORMIGON ARMADO  |x HORMIGON ARMADO   |x  DISEÑO   |x CONSTRUCCIONES ANTISISMICAS   |x MARCOS ESTRUCTURALES   |x MARCOS DE HORMIGON ARMADO   |x DUCTILIDAD   |x CURVAS EN INGENIERIA  |9 6665 
942 |c TFG 
999 |c 17629  |d 17629